Catálogo público

The ecology of intercropping (Record no. 9017)

MARC details
000 -CABECERA
campo de control de longitud fija 01240cam a22003377a 4500
003 - IDENTIFICADOR DEL NÚMERO DE CONTROL
campo de control CHAP
005 - FECHA Y HORA DE LA ÚLTIMA TRANSACCIÓN
campo de control 20220329133640.0
008 - DATOS DE LONGITUD FIJA--INFORMACIÓN GENERAL
campo de control de longitud fija 971013s1989 r 00010 d
010 ## - NÚMERO DE CONTROL DE LA BIBLIOTECA DEL CONGRESO
Número de control de LC 9017
011 ## - ENLACE DEL NUMERO DE CONTROL DE LA BIBLIOTECA DEL CONGRESO [OBSOLETO]
Número de control de LC 9989
035 ## - NÚMERO DE CONTROL DEL SISTEMA
Número de control de sistema 9226
040 ## - FUENTE DE LA CATALOGACIÓN
Centro/agencia transcriptor CHAP
082 ## - NÚMERO DE LA CLASIFICACIÓN DECIMAL DEWEY
Número de clasificación 631.58
Número de documento/Ítem V35
100 00 - ENTRADA PRINCIPAL--NOMBRE DE PERSONA
Nombre de persona Vandermeer, John H.
9 (RLIN) 117870
245 14 - MENCIÓN DE TÍTULO
Título The ecology of intercropping
260 ## - PUBLICACIÓN, DISTRIBUCIÓN, ETC.
Lugar de publicación, distribución, etc. Cambridge :
Nombre del editor, distribuidor, etc. Cambridge University,
Fecha de publicación, distribución, etc. 1989
300 ## - DESCRIPCIÓN FÍSICA
Extensión 237 p.
Otras características físicas ; gráfs.
590 ## - NOTA LOCAL (RLIN)
Nota local BATCH-UPD
Procedencia (VM) [OBSOLETO] 10
Condición del los carretes individuales (VM) [OBSOLETO] 20130110
-- UCH01
-- 1958
590 ## - NOTA LOCAL (RLIN)
Nota local BATCH-UPD
Procedencia (VM) [OBSOLETO] 10
Condición del los carretes individuales (VM) [OBSOLETO] 20130410
-- UCH01
-- 1318
590 ## - NOTA LOCAL (RLIN)
Nota local BATCH-UPD
Procedencia (VM) [OBSOLETO] 10
Condición del los carretes individuales (VM) [OBSOLETO] 20130914
-- UCH01
-- 1124
590 ## - NOTA LOCAL (RLIN)
Nota local CONVERSION
Procedencia (VM) [OBSOLETO] 10
Condición del los carretes individuales (VM) [OBSOLETO] 20130109
-- UCH01
-- 1306
650 14 - PUNTO DE ACCESO ADICIONAL DE MATERIA--TÉRMINO DE MATERIA
Término de materia o nombre geográfico como elemento de entrada Cultivos asociados.
9 (RLIN) 30370
650 14 - PUNTO DE ACCESO ADICIONAL DE MATERIA--TÉRMINO DE MATERIA
Término de materia o nombre geográfico como elemento de entrada Ecología agrícola.
9 (RLIN) 35165
901 ## - ELEMENTOS DE DATOS A LOCAL LDA (RLIN)
a BK
942 ## - ELEMENTOS DE PUNTO DE ACCESO ADICIONAL (KOHA)
Tipo de ítem Koha Libro
949 ## - PROCESAMIENTO DE INFORMACIÓN LOCAL (OCLC)
a 631.58 V35
b BC
c LIBRO
d 33724000160651
e LIBRO
f c.2
h 78074
i 9226
s i
t 264.10
949 ## - PROCESAMIENTO DE INFORMACIÓN LOCAL (OCLC)
a 631.58 V35
b BC
c LIBRO
d 33724000160669
e LIBRO
f c.3
h 78367
i 9226
s i
t 264.10
949 ## - PROCESAMIENTO DE INFORMACIÓN LOCAL (OCLC)
a 631.58 V35
b BC
c LIBRO
d 33724000161949
e LIBRO
f c.5
h 87807
i 9226
s i
t 264.10
949 ## - PROCESAMIENTO DE INFORMACIÓN LOCAL (OCLC)
a 631.58 V35
b BC
c LIBRO
d 33724000161956
e LIBRO
g I.151421
h 77967
i 9226
s i
t 264.10
949 ## - PROCESAMIENTO DE INFORMACIÓN LOCAL (OCLC)
a 631.58 V35
b BC
c LIBRO
d 33724000541462
e LIBRO
f c.4
h 83247
i 9226
s i
t 264.10
Holdings
Estado de retiro Estado de pérdida Fuente del sistema de clasificación o colocación Estado dañado Restricciones de uso No para préstamo Código de colección Localización permanente Ubicación/localización actual Ubicación en estantería Fecha de adquisición Fuente de adquisición Información codificada de la localización en otra ubicación Total de préstamos Signatura topográfica completa Código de barras Fecha visto por última vez Número de copia Precio válido a partir de Tipo de ítem Koha
    Dewey Decimal Classification   Préstamo 15 días   General Biblioteca Central Biblioteca Central Planta principal - Colección General 31/12/2019 I.151421 LIBRO   631.58 V35 33724000160651 31/12/2019 c.2 31/12/2019 Libro
    Dewey Decimal Classification   Préstamo 15 días   General Biblioteca Central Biblioteca Central Planta principal - Colección General 31/12/2019   LIBRO   631.58 V35 33724000160669 31/12/2019 c.3 31/12/2019 Libro
    Dewey Decimal Classification   Préstamo 15 días   General Biblioteca Central Biblioteca Central Planta principal - Colección General 31/12/2019   LIBRO   631.58 V35 33724000161949 31/12/2019 c.5 31/12/2019 Libro
    Dewey Decimal Classification   Préstamo 15 días   General Biblioteca Central Biblioteca Central Planta principal - Colección General 31/12/2019   LIBRO   631.58 V35 33724000541462 31/12/2019 c.4 31/12/2019 Libro
    Dewey Decimal Classification   Préstamo 15 días   General Biblioteca Central Biblioteca Central Planta principal - Colección General 31/12/2019   LIBRO   631.58 V35 33724000161956 31/12/2019   31/12/2019 Libro